000 00551nam a2200169Ia 4500
003 GCL
008 140319s9999 xx 000 0 ara d
040 _aGCL /
_cGCL
082 0 4 _a812.008
_bى ع
100 1 _aيسرى الجندى
245 1 0 _aمسرحية عنترة (هدية من الاديب عبدالفتاح الجمل) /
_cيسرى الجندى
300 _a144 ص
490 _aالهيئة العامة للاستعلامات
_v0
650 0 4 _aالادب العربى
650 0 4 _aالمسرحيات العربية
942 _2ddc
_cBK
999 _c46905
_d46905